The top 10 reasons to hire members of the National Guard and Reserve.

Bibliographic Details
Corporate Author: United States. National Guard Bureau
Format: Government Document Photo
Language:English
Published: [Washington, D.C.] : [National Guard], [1999?]
Subjects:

MARC

Tag First Indicator Second Indicator Subfields
LEADER 00000ckm a2200000 a 4500
001 in00000006212
005 20151001050031.0
007 ki bo-
008 991021s1999 dcu--- f ineng d
035 |a (OCoLC)ocm43332945 
035 |9 AJL3646AM 
040 |a GPO  |c GPO  |d DLC  |d MvI  |d UtOrBLW 
043 |a n-us--- 
049 |a UDOC 
074 |a 0356 
086 0 |a D 12.2:H 61 
245 0 4 |a The top 10 reasons to hire members of the National Guard and Reserve. 
264 1 |a [Washington, D.C.] :  |b [National Guard],  |c [1999?] 
300 |a 1 poster :  |b color ;  |c 28 x 40 cm. 
336 |a still image  |b sti  |2 rdacontent 
337 |a unmediated  |b n  |2 rdamedia 
338 |a sheet  |b nb  |2 rdacarrier 
500 |a Shipping list number: 99-0042-S. 
500 |a Shipping List #: 1999-0042-S 
500 |a Shipping List Date: 09/24/1999 
500 |a Picture. 
610 1 0 |a United States.  |b National Guard Bureau  |x Officials and employees  |x Recruiting  |v Posters. 
651 0 |a United States  |x National Guard  |v Posters. 
710 1 |a United States.  |b National Guard Bureau. 
999 |a MARS 
999 f f |s 750d58f1-76ab-319a-9836-f4ca82371e3b  |i f8c17bd7-97c1-3547-a761-aee4838b92df  |t 0 
952 f f |p normal  |a Texas A&M University  |b College Station  |c Sterling C. Evans Library  |d Evans: US Documents (Annex 5th floor)  |t 0  |e D 12.2:H 61  |h Superintendent of Documents classification  |i unmediated -- sheet  |m A14825764464 
998 f f |a D 12.2:H 61  |t 0  |l Evans: US Documents (Annex 5th floor)